00533 a2200169 450000100060000002000150000604000220002110000360004324000380007924500330011730000080015036200090015865000590016794200070022695201130023399900170034661468 a857263245x cAnchieta - Pituba aFonseca, Marcelo Monte Forte da10aVestibulares resolvidos 2006lpor10aVestibulares resolvidos 2006 a1050 a2006 4a. Vestibulares / Exames de admissão em universidades cBK 00104070a91.1b91.1d2023-11-21l0o378.161 F676v FON VESp13502/PITr2023-11-21 18:29:38w2023-11-21yBK c61468d61468